|
|
|
|
| LEADER |
00937nam a2200325 4500 |
| 001 |
DLU120138439 |
| 005 |
##20120726 |
| 040 |
# |
# |
|a DLU
|b vie
|
| 041 |
# |
# |
|a vie
|
| 044 |
# |
# |
|a vn
|
| 082 |
# |
# |
|a 398.209 597
|b Dyo
|
| 245 |
# |
# |
|a Dyông Dư Hơamon Hahnar /
|c Vũ Ngọc Bình, ... [et al] sư tầm, biên dịch.
|
| 260 |
# |
# |
|a H. :
|b Thời đại,
|c 2012.
|
| 300 |
# |
# |
|a 497 tr. ;
|c 21 cm.
|
| 650 |
# |
# |
|a Ba Na (Dân tộc Việt Nam)
|x Truyền thuyết.
|
| 700 |
# |
# |
|a Nguyễn Quang Tuệ,
|e sưu tầm, biên dịch.
|
| 700 |
# |
# |
|a Trần Phong,
|e sưu tầm, biên dịch.
|
| 700 |
# |
# |
|a Văn Công Hùng,
|e sưu tầm, biên dịch.
|
| 700 |
# |
# |
|a Vũ Ngọc Bình,
|e sưu tầm, biên dịch.
|
| 923 |
# |
# |
|a 05/2012
|
| 991 |
# |
# |
|a SH
|
| 992 |
# |
# |
|a 20000
|
| 994 |
# |
# |
|a DLU
|
| 900 |
# |
# |
|a True
|
| 911 |
# |
# |
|a Đào Thị Thu Huyền
|
| 925 |
# |
# |
|a G
|
| 926 |
# |
# |
|a A
|
| 927 |
# |
# |
|a SH
|
| 980 |
# |
# |
|a Thư viện Trường Đại học Đà Lạt
|